000 00809nam a22002415i 4500
001 176473
003 ES-MaACL
005 20250829131840.0
008 110118s1969 sp |||| | spa d
080 _a2:37
080 _a27-47
100 1 _aRanwez, Pierre.
_995438
245 1 0 _aPresentación de los novísimos a los niños /
_cpor P. Ranwez.
260 _aMadrid :
_bApostolado de la prensa,
_cimp. 1969.
300 _a16 p. ;
_c23 cm.
490 1 _aCuadernos de pedagogía religiosa. Niños nº 3 ;
_v7
650 4 _aReligión-
_xEnseñanza.
_9144779
650 0 7 _aEducación cristiana
_2embne
_912090
710 0 _aApostolado de la Prensa.
_91403
830 0 0 _aCuadernos de pedagogía religiosa
_v7
_9190056
852 _aES-MaACL
_jE-14075 (7)
_xOlim P-1658
999 _c176473
_d176473